000 00437nam a2200157Ia 4500
008 100204s9999 xx 000 0 und d
082 _b28690
100 _aकुबडे दीपमाला
245 _aदीपमाळ गझलांची
250 _a0
260 _c2008
300 _a96
630 _aदीपमाळ गझलांची
730 _aदीपमाळ गझलांची
942 _cBOOK
999 _c473857
_d473854